000 00707nam a2200205Ia 4500
001 5464
003 GE_BSU
008 181216s||||||||xx |||||||||||||| ||und||
040 _cGE_BSU
080 _a517
100 _aЗельдович Я.Б.
245 _aВысшая математика для начинающих и ее приложения к физике.
245 _cРед. С.Б. Норкин. Гл. ред. физ.-мат. лит-ры.
250 _aИзд. 3-ЬЕ, доп.
260 _aМосква
260 _c1965
300 _a575 с. 20 см.
653 _aВысшая математика для начинающих и ее приложения к физике.
942 _cBK
999 _c38992
_d38992